| 000 | 00502nam a2200145 i 4500 | ||
|---|---|---|---|
| 001 | 25968 | ||
| 003 | ES-MaACL | ||
| 007 | t| | ||
| 008 | 030107s1863 fr ||||1| fre d | ||
| 100 | 1 |
_aArtaud, Nicolas-Louis. _923426 |
|
| 245 | 1 | 0 |
_aEtudes sur la littérature depuis Homere jusque a l'école romantique / _cNicolas-Louis Artaud ; recueillies et publiciées par le fils del'auteur. |
| 260 |
_aParís : _b[s.n., _c1863] ( _fReuri Plon) |
||
| 300 |
_aXIX, 360 p. ; _c23 cm. |
||
| 852 |
_aES-MaACL _jG-11907 |
||
| 999 |
_c25968 _d25968 |
||